000 00751nam a22002177a 4500
999 _c9009
_d9009
003 AR-CdUCM
008 190327b ||||| |||| 00| 0 eng d
020 _a978-607-735-721-6
040 _aMUNICIPALIDAD PROVINCIAL DEL CUSCO
_cBIBLIOTECA MUNICIPAL DEL CUSCO
082 _aPI-0017 /
_bNEW / vec
100 _aNewgarden, Mark
_924943
245 _aLos vecinos de Guau Guau son una pesadilla /
260 _aEspaña :
_bOceano Travesía,
_c2016.
300 _bilustraciones a color,
_c23 cm.
500 _aNo cuenta con numeración impresa. Titulo original: Bow- Wow´s Nightmare Neighbors
650 _aLibro Ilustrado
_924944
650 _aLibro infantil
_924945
700 _aMontague Cash, Megan
_924946
942 _2ddc
_cLIBROS
945 _araen